Aprendizaje automático : un enfoque práctico /

Contenido: 1. Aprendizaje: conceptos generales; 2. Aprendizaje estadístico; 3. Combinación de clasificadores; 4. Redes neuronales artificiales; 5. Máquinas de vectores soporte; 6. Redes bayesianas; 7. Simulaciones de Monte Carlo I; 8. Simulaciones de Monte Carlo II; 9. El aprendizaje con algoritmos...

وصف كامل

محفوظ في:
التفاصيل البيبلوغرافية
المؤلف الرئيسي: Pajares Martinsanz, Gonzalo (coord.)
مؤلفون آخرون: Cruz García, Jesús Manuel de la (coordinación) (coordinación)
التنسيق: كتاب
اللغة:الإسبانية
منشور في: Madrid, España : Rama, 2010, c2010
الموضوعات:
الوسوم: إضافة وسم
لا توجد وسوم, كن أول من يضع وسما على هذه التسجيلة!

MARC

LEADER 00000nam^a2200000^a^4500
001 000313058
005 20250521000000.0
009 20260310113133.636
020 |a 978-84-9964-011-2 
037 |a Acervo ITESO - Biblioteca 
041 |a ESP 
082 |a 006. 31  |b PAJ 
100 |a Pajares Martinsanz, Gonzalo  |e (coord.) 
245 1 0 |a Aprendizaje automático :  |b un enfoque práctico /  |c Coord. y pról. de G. Pajares Martinsanz, J.M. de la Cruz García. 
264 4 |a Madrid, España :  |b Rama,  |c 2010, c2010 
300 |a 376 p. 
336 |a texto  |b txt  |2 rdacontenido 
337 |a sin mediación  |b n  |2 rdamedio 
338 |a volumen  |b nc  |2 rdasoporte 
520 |a Contenido: 1. Aprendizaje: conceptos generales; 2. Aprendizaje estadístico; 3. Combinación de clasificadores; 4. Redes neuronales artificiales; 5. Máquinas de vectores soporte; 6. Redes bayesianas; 7. Simulaciones de Monte Carlo I; 8. Simulaciones de Monte Carlo II; 9. El aprendizaje con algoritmos genéticos; 10. Aprendizaje mediante árboles de decisión; 11. Razonamiento basado en casos; 12. Aprendizaje por refuerzo; 
649 |a XX 
650 |a Clasificación 
650 |a Toma de Decisiones 
650 |a Estadística 
650 |a Algoritmos Genéticos 
650 |a Aprendizaje Automático (Inteligencia Artificial) -  |x Tema Principal 
650 |a Redes Neurales 
650 |a Inteligencia Artificial 
650 |a Ingeniería Computacional 
700 |a Cruz García, Jesús Manuel de la  |e (coordinación) 
910 |a Fondo General 
920 |a Impresos - Libros 
930 |a Colección General 
905 |a 101 
901 |a 0500199790  |b IT1  |c ACC  |i C128374  |u 20250521 
902 |a https://opac.biblio.iteso.mx/vufind/Record/000313058